|
|
|
|
| LEADER |
00000cam a22000007a 4500 |
| 001 |
16921845 |
| 005 |
20210602210616.0 |
| 008 |
110816s2011 ck a b l001 0 spa |
| 999 |
|
|
|c 3924
|d 3924
|
| 010 |
|
|
|a 2011445900
|
| 020 |
|
|
|a 9789586486941
|
| 040 |
|
|
|a DLC
|c DLC
|d DLC
|
| 042 |
|
|
|a pcc
|
| 090 |
|
|
|a 06.03.06
|b 2602
|
| 100 |
|
|
|a Alzate Piedrahíta, María Victoria
|9 4736
|
| 245 |
1 |
0 |
|a Enseñar en la universidad :
|b saberes, prácticas y textualidad /
|c María Victoria Alzate P., Miguel Ángel Gómez M., Martha Cecilia Arbeláez G.
|
| 260 |
|
|
|a Bogotá, D.C. :
|b ECOE Ediciones :
|b Universidad Tecnológica de Pereira,
|c 2011.
|
| 300 |
|
|
|a vii, 170 páginas;
|b ilustraciones
|
| 490 |
0 |
|
|a Colección Educación y pedagogía. Área pedagogía
|
| 504 |
|
|
|a Includes bibliographical references (p. 137-141) and indexes.
|
| 650 |
1 |
4 |
|a EDUCACIÓN SUPERIOR
|9 8
|
| 650 |
1 |
4 |
|a FORMACIÓN PROFESIONAL
|9 498
|
| 650 |
1 |
4 |
|a PEDAGOGÍA
|9 1770
|
| 700 |
|
|
|a Miguel Ángel Gómez Mendoza
|9 4737
|
| 700 |
|
|
|a Arbeláez Gómez, Martha Cecilia
|9 4738
|
| 942 |
|
|
|i 004657
|h 06.03.06 2602
|2 z
|c 01
|